Strzelcy bramek w 6 kolejce Bundesligi w sezonie 2020/21. - Statystyki

Ogólne statystyki
  • Ten quiz został rozwiązany 7 razy
  • Średni wynik to 4 z 26
Statystyki odpowiedzi
Mecz Piłkarz % Poprawnych
Koln - Bayern 0:1 Muller
83%
Koln - Bayern 0:2 Gnabry
67%
Hoffenheim - Union Berlin 1:1 Dabbur
33%
Bielefeld - Dortmund 0:1 Hummels
33%
Bielefeld - Dortmund 0:2 Hummels
33%
Hoffenheim - Union Berlin 0:1 Kruse
33%
Freiburg - Leverkusen 1:1 Alario
17%
Freiburg - Leverkusen 1:2 Alario
17%
Freiburg - Leverkusen 1:3 Amiri
17%
Hertha - Wolfsburg 1:0 Cunha
17%
Koln - Bayern 1:2 Drexler
17%
Hoffenheim - Union Berlin 1:2 Pohjanpalo
17%
Hertha - Wolfsburg 1:1 Baku
0%
Schalke - Stuttgart 1:1 Gonzalez
0%
Augsburg - Mainz 2:1 Hahn
0%
Augsburg - Mainz 3:1 Hahn
0%
Freiburg - Leverkusen 1:0 Holer
0%
Augsburg - Mainz 1:1 Onisiwo
0%
Freiburg - Leverkusen 2:3 Petersen
0%
Frankfurt - Werder Brema 0:1 Sargent
0%
Frankfurt - Werder Brema 1:1 Silva
0%
Freiburg - Leverkusen 2:4 Tah
0%
Hoffenheim - Union Berlin 1:3 Teuchert
0%
Schalke - Stuttgart 1:0 Thiaw
0%
Augsburg - Mainz 1:0 Vargas
0%
Monchengladbach - RB Lipsk 1:0 Wolf
0%
Nie znaleziono quizów pasujących do podanych kryteriów
Rozkład punktacji
Procent ludzi z każdym wynikiem
Percentyl według liczby udzielonych odpowiedzi
Twoja historia wyników
Nie rozwiązałeś tego quizu